[Event "Swindon U1900"]
[Site "Swindon"]
[Date "2025.08.25"]
[Round "6.8"]
[White "Weston, Rick"]
[Black "Williams, Peter"]
[Result "1-0"]
[WhiteElo "1866"]
[BlackElo "1625"]
[PlyCount "101"]
[EventDate "2025.08.22"]
[EventType "swiss"]
[EventRounds "6"]
[EventCountry "ENG"]
[SourceTitle "BritBase"]
[Source "John Saunders"]
[SourceDate "2025.12.11"]
[SourceVersion "1"]
[SourceVersionDate "2025.12.11"]
[SourceQuality "1"]

1. d4 g6 2. Bf4 d6 3. e3 Bg7 4. Nf3 Nd7 5. h3 e5 6. Bg5 Ngf6 7. Be2 O-O 8. O-O h6 9. Bh4 g5 10. Bg3 Ne4 11. Bh2 Qe7 12. Nfd2 Nxd2 13. Qxd2 Nf6 14. f3 Bf5 15. e4 Bd7 16. d5 Nh5 17. g4 Nf4 18. Bxf4 exf4 19. Nc3 Qf6 20. a4 a6 21. Ra3 h5 22. Kg2 Qg6 23. b4 Be5 24. b5 a5 25. Bc4 b6 26. Ne2 Kg7 27. c3 Rh8 28. Raa1 hxg4 29. hxg4 Bxg4 30. Rh1 Bxf3+ 31. Kxf3 g4+ 32. Kf2 Rxh1 33. Rxh1 Qxe4 34. Rh4 Qf3+ 35. Kg1 Rh8 36. Rxh8 Kxh8 37. Nd4 Qg3+ 38. Kf1 Qh3+ 39. Ke1 f3 40. Kd1 Qh5 41. Qe3 Qh2 42. Bf1 Bf4 43. Qe1 Qb2 44. Qh4+ Kg8 45. Qxg4+ Kf8 46. Qxf4 Qb1+ 47. Qc1 Qe4 48. Qh6+ Kg8 49. Qg5+ Kf8 50. Qf5 Qe3 51. Qc8+ 1-0

[Event "Swindon U1900"]
[Site "Swindon"]
[Date "2025.08.25"]
[Round "6.9"]
[White "Di-Vetta, Andrew"]
[Black "Northam, Lawrence"]
[Result "1-0"]
[WhiteElo "1768"]
[BlackElo "1880"]
[PlyCount "153"]
[EventDate "2025.08.22"]
[EventType "swiss"]
[EventRounds "6"]
[EventCountry "ENG"]
[SourceTitle "BritBase"]
[Source "John Saunders"]
[SourceDate "2025.12.11"]
[SourceVersion "1"]
[SourceVersionDate "2025.12.11"]
[SourceQuality "1"]

1. d4 d5 2. Nf3 Nf6 3. g3 e6 4. Bg2 c5 5. c3 Nc6 6. O-O Be7 7. b3 O-O 8. Nbd2 cxd4 9. cxd4 b6 10. Bb2 Bb7 11. a3 Rc8 12. b4 b5 13. Nb3 a5 14. Nc5 Qb6 15. Qb3 Rfd8 16. Nd2 Ne8 17. f4 Nd6 18. e3 Nc4 19. Rfd1 Qc7 20. Kf2 Bxc5 21. bxc5 Ne7 22. Bc3 Nf5 23. Re1 Bc6 24. g4 Nfxe3 25. Rxe3 Qxf4+ 26. Rf3 Nxd2 27. Rxf4 Nxb3 28. Re1 b4 29. axb4 axb4 30. Bxb4 Rb8 31. Bc3 Ra8 32. Rb1 Ra2+ 33. Kg1 Na5 34. Rb6 Rc8 35. Ra6 Ra8 36. Rxa8+ Bxa8 37. Rf1 Nc4 38. Rb1 g6 39. g5 Bc6 40. Bf1 Ra4 41. Rb8+ Kg7 42. Rc8 Ra6 43. Rc7 Ba4 44. Bxc4 dxc4 45. d5+ Kf8 46. d6 Ke8 47. Bf6 Bd7 48. Kf2 Rc6 49. Ke3 e5 50. Bxe5 Rxc7 51. dxc7 Ke7 52. c6 Bc8 53. Kd4 Ke6 54. Bf4 c3 55. Kc5 c2 56. Kb6 Kd5 57. Bc1 Kd6 58. Ba3+ Kd5 59. h3 Bxh3 60. Kb7 Bf5 61. c8=Q Bxc8+ 62. Kxc8 Kxc6 63. Kd8 c1=Q 64. Bxc1 Kd6 65. Bb2 Ke6 66. Ke8 Kf5 67. Bf6 h5 68. gxh6 Kxf6 69. Kf8 Kg5 70. h7 f5 71. h8=Q Kg4 72. Qh1 g5 73. Kg7 f4 74. Kg6 f3 75. Qg1+ Kf4 76. Qxg5+ Ke4 77. Qd2 1-0

[Event "Swindon U1900"]
[Site "Swindon"]
[Date "2025.08.25"]
[Round "6.10"]
[White "George, Richard M"]
[Black "Redmill, Simon Matthew"]
[Result "0-1"]
[WhiteElo "1839"]
[BlackElo "1716"]
[PlyCount "98"]
[EventDate "2025.08.22"]
[EventType "swiss"]
[EventRounds "6"]
[EventCountry "ENG"]
[SourceTitle "BritBase"]
[Source "John Saunders"]
[SourceDate "2025.12.11"]
[SourceVersion "1"]
[SourceVersionDate "2025.12.11"]
[SourceQuality "1"]

1. d4 c6 2. c3 d5 3. Bg5 Bf5 4. Nd2 Qb6 5. Qb3 e6 6. e3 Nd7 7. Ngf3 Bd6 8. Be2 h6 9. Bh4 c5 10. O-O Ngf6 11. dxc5 Bxc5 12. Nd4 Bg6 13. f4 O-O 14. g4 Ne4 15. Nxe4 Bxe4 16. Bb5 Nb8 17. Rac1 Nc6 18. Bxc6 bxc6 19. Qxb6 Bxb6 20. Rce1 c5 21. Nf3 Rab8 22. b3 Rfc8 23. Ne5 Rb7 24. Rd1 c4 25. bxc4 Bxe3+ 26. Bf2 Bxf2+ 27. Rxf2 dxc4 28. Rfd2 f6 29. Rd8+ Rxd8 30. Rxd8+ Kh7 31. Nd7 Kg6 32. a4 Bd5 33. Nc5 Rb2 34. Rd7 Rg2+ 35. Kf1 Rxg4 36. Rxa7 Rxf4+ 37. Ke2 Rh4 38. a5 Rxh2+ 39. Ke3 h5 40. Re7 Ra2 41. a6 h4 42. Nxe6 Bxe6 43. Rxe6 Kf5 44. Re4 g5 45. Rxc4 Rxa6 46. Kf3 Ra1 47. Rc5+ Kg6 48. Rc6 h3 49. Rc8 h2 0-1

[Event "Swindon U1900"]
[Site "Swindon"]
[Date "2025.08.25"]
[Round "6.11"]
[White "George, Naveen Daniel"]
[Black "Georgiou, George"]
[Result "0-1"]
[WhiteElo "1599"]
[BlackElo "1793"]
[PlyCount "78"]
[EventDate "2025.08.22"]
[EventType "swiss"]
[EventRounds "6"]
[EventCountry "ENG"]
[SourceTitle "BritBase"]
[Source "John Saunders"]
[SourceDate "2025.12.11"]
[SourceVersion "1"]
[SourceVersionDate "2025.12.11"]
[SourceQuality "1"]

1. e4 c6 2. d4 d5 3. e5 Bf5 4. h4 h5 5. Bd3 Bxd3 6. Qxd3 e6 7. Nf3 Qa5+ 8. Nbd2 Qa6 9. c4 Ne7 10. O-O Nf5 11. b3 Be7 12. g3 O-O 13. a4 Nd7 14. Ba3 Bxa3 15. Rxa3 c5 16. dxc5 Nxc5 17. Qc2 dxc4 18. Nxc4 Qc6 19. Ng5 g6 20. Rd1 Rfd8 21. Raa1 Nd4 22. Rxd4 Rxd4 23. Nd6 Qd5 24. Ngxf7 Kg7 25. Qc1 Rd2 26. Nc4 Nxb3 27. Qa3 Nxa1 28. Nxd2 Kxf7 29. Qc3 Rd8 30. Nc4 Qd1+ 31. Kh2 Kg7 32. Nd6 Qxa4 33. Nxb7 Rf8 34. Nc5 Rxf2+ 35. Kg1 Qc2 36. Nxe6+ Kg8 37. Qe3 Rg2+ 38. Kf1 Rh2 39. Qf3 Qc1+ 0-1

[Event "Swindon U1900"]
[Site "Swindon"]
[Date "2025.08.25"]
[Round "6.12"]
[White "Abdalla, Suhayl"]
[Black "Bromilow, Edward T"]
[Result "1-0"]
[WhiteElo "1697"]
[BlackElo "1841"]
[PlyCount "131"]
[EventDate "2025.08.22"]
[EventType "swiss"]
[EventRounds "6"]
[EventCountry "ENG"]
[SourceTitle "BritBase"]
[Source "John Saunders"]
[SourceDate "2025.12.11"]
[SourceVersion "1"]
[SourceVersionDate "2025.12.11"]
[SourceQuality "1"]

1. d4 d5 2. c4 e6 3. Nc3 Nf6 4. Nf3 a6 5. e3 dxc4 6. Bxc4 b5 7. Be2 c5 8. O-O Bb7 9. b3 cxd4 10. Nxd4 Nd5 11. Nxd5 Bxd5 12. Bf3 Be7 13. Bb2 O-O 14. Qe2 Ra7 15. Rac1 Qd6 16. Rfd1 Bxf3 17. Nxf3 Qb6 18. Bd4 Qb7 19. Bxa7 Qxa7 20. Ne5 Ba3 21. Rb1 Be7 22. b4 Bf6 23. Nf3 h6 24. Rbc1 Nd7 25. Qc2 Nb6 26. Qc7 Qxc7 27. Rxc7 Nc4 28. Ra7 Bc3 29. Rxa6 Bxb4 30. Rb1 Rd8 31. g3 Be7 32. Rxb5 Na3 33. Rb7 Bc5 34. Rb3 Rd1+ 35. Kg2 Nb1 36. Ra8+ Kh7 37. a4 Na3 38. Nd4 Ra1 39. a5 Nc4 40. Rc3 Bxd4 41. exd4 Rxa5 42. Rxa5 Nxa5 43. f4 Kg6 44. Kf3 Kf6 45. g4 g6 46. h4 Nb7 47. Rc7 Nd6 48. Ke3 Nb5 49. Rc5 Nd6 50. Rc6 Ke7 51. Rc1 Nb5 52. Rh1 f5 53. h5 Kf7 54. g5 gxh5 55. gxh6 Kg6 56. Rxh5 Kh7 57. Kd3 Nc7 58. Kc4 Nd5 59. Rh4 Nf6 60. Kc5 Nd7+ 61. Kd6 Nf8 62. Rh1 Ng6 63. Kxe6 Nxf4+ 64. Kxf5 Ne2 65. Rh4 Nc3 66. Ke5 1-0

[Event "Swindon U1900"]
[Site "Swindon"]
[Date "2025.08.25"]
[Round "6.13"]
[White "Williams, R Gareth"]
[Black "Taylor, Noah"]
[Result "0-1"]
[WhiteElo "1806"]
[BlackElo "1675"]
[PlyCount "78"]
[EventDate "2025.08.22"]
[EventType "swiss"]
[EventRounds "6"]
[EventCountry "ENG"]
[SourceTitle "BritBase"]
[Source "John Saunders"]
[SourceDate "2025.12.11"]
[SourceVersion "1"]
[SourceVersionDate "2025.12.11"]
[SourceQuality "1"]

1. e4 c5 2. Nf3 Nc6 3. d3 d6 4. Nbd2 g6 5. c3 Bg7 6. Be2 e6 7. O-O Nge7 8. a4 O-O 9. Re1 d5 10. Nf1 b6 11. Qc2 Bb7 12. Bg5 h6 13. Be3 Rc8 14. Qd2 Kh7 15. Ng3 d4 16. cxd4 cxd4 17. Ng5+ hxg5 18. Bxg5 Na5 19. Bxe7 Qxe7 20. Bd1 Bh6 21. Qe2 e5 22. Nh1 Qb4 23. Rf1 Ba6 24. h4 Nb3 25. Bxb3 Qxb3 26. Rad1 Qxa4 27. Ng3 Rc2 28. Qf3 Qc6 29. h5 Rxb2 30. Rc1 Bxc1 31. hxg6+ Qxg6 32. Rxc1 Rc8 33. Rf1 Rc3 34. Rd1 Bc8 35. Nf5 Bxf5 36. exf5 Qg5 37. g3 Rc1 38. Qh1+ Kg7 39. f6+ Qxf6 0-1

[Event "Swindon U1900"]
[Site "Swindon"]
[Date "2025.08.25"]
[Round "6.14"]
[White "Lawrence, Spencer"]
[Black "Saharkar, Sharvari"]
[Result "1-0"]
[WhiteElo "1791"]
[BlackElo "1587"]
[PlyCount "141"]
[EventDate "2025.08.22"]
[EventType "swiss"]
[EventRounds "6"]
[EventCountry "ENG"]
[SourceTitle "BritBase"]
[Source "John Saunders"]
[SourceDate "2025.12.11"]
[SourceVersion "1"]
[SourceVersionDate "2025.12.11"]
[SourceQuality "1"]

1. Nf3 Nf6 2. g3 d5 3. Bg2 g6 4. b3 Bg7 5. Bb2 O-O 6. c4 e6 7. O-O c5 8. cxd5 exd5 9. d4 Ne4 10. Qc1 Na6 11. dxc5 Naxc5 12. Bxg7 Kxg7 13. Nc3 Be6 14. Nd4 Rc8 15. Nxe4 Nxe4 16. Qb2 Nf6 17. Rac1 Qe7 18. e3 Kg8 19. Rxc8 Rxc8 20. Rc1 Rd8 21. Nxe6 Qxe6 22. Qd4 a6 23. Rc7 b6 24. Qc3 Ne4 25. Qd4 Nc5 26. b4 Qd6 27. Ra7 Ne6 28. Qf6 Rf8 29. a3 b5 30. Bh3 Qd8 31. Qxd8 Rxd8 32. Rxa6 Ng5 33. Bg2 d4 34. Ra8 Rxa8 35. Bxa8 d3 36. Kf1 Kf8 37. Bc6 Ke7 38. Bxb5 d2 39. Ke2 Nf3 40. Bc6 Nxh2 41. Kxd2 Kd6 42. b5 h5 43. a4 Ng4 44. f4 f5 45. Be8 Nf6 46. Bc6 Ng8 47. a5 Ne7 48. a6 Nxc6 49. bxc6 Kxc6 50. Kd3 Kb6 51. Kd4 Kxa6 52. Ke5 Kb6 53. Kf6 Kc5 54. Kxg6 Kd5 55. Kxf5 Kd6 56. e4 Ke7 57. Kg5 h4 58. Kxh4 Kf7 59. Kg5 Kg7 60. e5 Kg8 61. Kg6 Kf8 62. f5 Kg8 63. e6 Kf8 64. f6 Ke8 65. e7 Kd7 66. Kf7 Kc8 67. e8=Q+ Kb7 68. Qd7+ Ka8 69. Kg7 Kb8 70. f7 Ka8 71. f8=R# 1-0

[Event "Swindon U1900"]
[Site "Swindon"]
[Date "2025.08.25"]
[Round "6.15"]
[White "Sengenberger, Sara"]
[Black "Fretwell, Ellis"]
[Result "1-0"]
[WhiteElo "1649"]
[BlackElo "1752"]
[PlyCount "51"]
[EventDate "2025.08.22"]
[EventType "swiss"]
[EventRounds "6"]
[EventCountry "ENG"]
[SourceTitle "BritBase"]
[Source "John Saunders"]
[SourceDate "2025.12.11"]
[SourceVersion "1"]
[SourceVersionDate "2025.12.11"]
[SourceQuality "1"]

1. e4 c6 2. d4 d5 3. exd5 cxd5 4. Bd3 Nc6 5. c3 Qc7 6. f4 h5 7. Nf3 Bg4 8. h3 Bxf3 9. Qxf3 Nxd4 10. Qxd5 Rd8 11. Bb5+ Nxb5 12. Qxb5+ Rd7 13. Be3 Nf6 14. O-O a6 15. Qb6 Qxb6 16. Bxb6 e6 17. Bd4 Bd6 18. Nd2 Nd5 19. Ne4 Bxf4 20. Rxf4 Nxf4 21. Bxg7 Rg8 22. Nf6+ Kd8 23. Nxg8 Rd2 24. Bf6+ Ke8 25. Kf1 Rxg2 26. Rd1 1-0

[Event "Swindon U1900"]
[Site "Swindon"]
[Date "2025.08.25"]
[Round "6.17"]
[White "Jackson, Sam"]
[Black "Cartwright, Jonathan"]
[Result "0-1"]
[WhiteElo "1701"]
[BlackElo "1624"]
[PlyCount "44"]
[EventDate "2025.08.22"]
[EventType "swiss"]
[EventRounds "6"]
[EventCountry "ENG"]
[SourceTitle "BritBase"]
[Source "John Saunders"]
[SourceDate "2025.12.11"]
[SourceVersion "1"]
[SourceVersionDate "2025.12.11"]
[SourceQuality "1"]

1. e4 c6 2. d4 d5 3. f3 Qb6 4. Nc3 dxe4 5. fxe4 e5 6. dxe5 Be6 7. Nf3 Nd7 8. Bd3 Ne7 9. Qe2 Ng6 10. a4 a5 11. Bc4 Bc5 12. Bxe6 fxe6 13. Nd1 O-O-O 14. Be3 Ndxe5 15. Bxc5 Nxf3+ 16. Qxf3 Qxc5 17. Qf2 Rd4 18. Qe2 Nf4 19. Qf3 Rf8 20. Nf2 Qxc2 21. Qg4 Rxe4+ 22. Nxe4 Nd3# 0-1

[Event "Swindon U1900"]
[Site "Swindon"]
[Date "2025.08.25"]
[Round "6.18"]
[White "Li, Yueci"]
[Black "Bisogno, Vincenzo"]
[Result "1-0"]
[WhiteElo "1690"]
[BlackElo "1761"]
[PlyCount "69"]
[EventDate "2025.08.22"]
[EventType "swiss"]
[EventRounds "6"]
[EventCountry "ENG"]
[SourceTitle "BritBase"]
[Source "John Saunders"]
[SourceDate "2025.12.11"]
[SourceVersion "1"]
[SourceVersionDate "2025.12.11"]
[SourceQuality "1"]

1. e4 c5 2. Nf3 d6 3. d4 cxd4 4. Nxd4 Nf6 5. Nc3 a6 6. Be2 Nc6 7. Be3 Bd7 8. f3 e6 9. Qd2 Be7 10. g4 b5 11. a3 h6 12. O-O-O Rc8 13. Nxc6 Bxc6 14. h4 Nd7 15. g5 h5 16. f4 g6 17. Rhf1 O-O 18. f5 Re8 19. f6 Bf8 20. Bxh5 gxh5 21. Qe2 Ne5 22. Qxh5 Qc7 23. Qe2 b4 24. axb4 Bb5 25. Nxb5 axb5 26. h5 Nc4 27. c3 Ra8 28. Kb1 Nxe3 29. Qxe3 Qc4 30. g6 Qb3 31. g7 Be7 32. Qh6 Qa2+ 33. Kc2 Qa4+ 34. Kd2 Qxd1+ 35. Rxd1 1-0

[Event "Swindon U1600"]
[Site "Swindon"]
[Date "2025.08.22"]
[Round "1.1"]
[White "Prakash, Chandra"]
[Black "Wildsmith, Dexter"]
[Result "1/2-1/2"]
[WhiteElo "1583"]
[BlackElo "1458"]
[PlyCount "54"]
[EventDate "2025.08.22"]
[EventType "swiss"]
[EventRounds "6"]
[EventCountry "ENG"]
[SourceTitle "BritBase"]
[Source "John Saunders"]
[SourceDate "2025.12.11"]
[SourceVersion "1"]
[SourceVersionDate "2025.12.11"]
[SourceQuality "1"]

1. d4 d5 2. e3 Bf5 3. Bd3 Bxd3 4. Qxd3 Nf6 5. Qb5+ Nbd7 6. Qxb7 e6 7. Qb5 Bd6 8. f4 Ne4 9. Nf3 c5 10. Qd3 Qb6 11. c3 c4 12. Qc2 Rb8 13. Nbd2 Ndf6 14. Ne5 Nxd2 15. Qxd2 a5 16. Qc2 Qb5 17. O-O Ne4 18. Qe2 Qb7 19. Qh5 a4 20. a3 g6 21. Qh6 Bf8 22. Qh3 Be7 23. g4 h5 24. g5 Bd6 25. Nf3 Ke7 26. Qg2 Rhc8 27. Qc2 Qb3 1/2-1/2

[Event "Swindon U1600"]
[Site "Swindon"]
[Date "2025.08.22"]
[Round "1.2"]
[White "Zhuravlev, Andrei"]
[Black "Vijay, Kayal"]
[Result "0-1"]
[WhiteElo "1455"]
[BlackElo "1570"]
[PlyCount "48"]
[EventDate "2025.08.22"]
[EventType "swiss"]
[EventRounds "6"]
[EventCountry "ENG"]
[SourceTitle "BritBase"]
[Source "John Saunders"]
[SourceDate "2025.12.11"]
[SourceVersion "1"]
[SourceVersionDate "2025.12.11"]
[SourceQuality "1"]

1. e4 d5 2. exd5 Nf6 3. Nc3 Nxd5 4. Nxd5 Qxd5 5. Qf3 Qxf3 6. Nxf3 Bf5 7. d3 Nc6 8. Bf4 O-O-O 9. O-O-O Nb4 10. a3 Nd5 11. Be3 Nxe3 12. fxe3 f6 13. d4 g5 14. Bd3 Bxd3 15. Rxd3 h5 16. h3 Bh6 17. g4 hxg4 18. hxg4 e6 19. e4 f5 20. exf5 exf5 21. gxf5 g4+ 22. Nd2 Bxd2+ 23. Kxd2 Rxh1 24. Rg3 Rh2+ 0-1

[Event "Swindon U1600"]
[Site "Swindon"]
[Date "2025.08.22"]
[Round "1.3"]
[White "Tang, Carolus"]
[Black "Chandrakumar, Lirush"]
[Result "1-0"]
[WhiteElo "1567"]
[BlackElo "1440"]
[PlyCount "89"]
[EventDate "2025.08.22"]
[EventType "swiss"]
[EventRounds "6"]
[EventCountry "ENG"]
[SourceTitle "BritBase"]
[Source "John Saunders"]
[SourceDate "2025.12.11"]
[SourceVersion "1"]
[SourceVersionDate "2025.12.11"]
[SourceQuality "1"]

1. d4 Nf6 2. c4 g6 3. Nc3 Bg7 4. e4 d6 5. Nf3 O-O 6. Be2 e5 7. d5 a5 8. Rb1 Na6 9. Bd3 Nb4 10. h3 Nd7 11. Be3 Qe7 12. a3 Nxd3+ 13. Qxd3 Nc5 14. Qc2 f5 15. Bxc5 dxc5 16. O-O f4 17. Ne2 g5 18. Kh2 h5 19. g3 g4 20. Nh4 gxh3 21. Ng6 Qg5 22. Nxf8 Kxf8 23. Qd3 Ra6 24. Rg1 Bg4 25. f3 Bd7 26. gxf4 Qh4 27. Qe3 Bh6 28. Qxc5+ Ke8 29. Qe3 exf4 30. Qd4 Kf7 31. e5 Ke7 32. Qc5+ Kf7 33. e6+ Bxe6 34. dxe6+ Rxe6 35. Qf5+ Ke7 36. Qc5+ Kf7 37. Nc3 Bf8 38. Qf5+ Rf6 39. Qh7+ Ke8 40. Rge1+ Kd8 41. Rbd1+ Rd6 42. Ne4 Rxd1 43. Rxd1+ Kc8 44. Qd7+ Kb8 45. Qd8+ 1-0

[Event "Swindon U1600"]
[Site "Swindon"]
[Date "2025.08.22"]
[Round "1.4"]
[White "Ghanshala, Aarav"]
[Black "Matilal, Tamal"]
[Result "0-1"]
[WhiteElo "1394"]
[BlackElo "1541"]
[PlyCount "94"]
[EventDate "2025.08.22"]
[EventType "swiss"]
[EventRounds "6"]
[EventCountry "ENG"]
[SourceTitle "BritBase"]
[Source "John Saunders"]
[SourceDate "2025.12.11"]
[SourceVersion "1"]
[SourceVersionDate "2025.12.11"]
[SourceQuality "1"]

1. e4 g6 2. Nf3 c5 3. d4 Bg7 4. Nc3 cxd4 5. Nxd4 Nc6 6. Nxc6 bxc6 7. Bd2 d6 8. Be2 Nf6 9. f3 Qb6 10. Na4 Qc7 11. O-O O-O 12. Re1 Rd8 13. Bd3 a5 14. h3 Rb8 15. Rb1 h5 16. f4 e5 17. f5 gxf5 18. exf5 d5 19. Rf1 e4 20. Be2 Qa7+ 21. Kh1 e3 22. Be1 Ne4 23. Bxh5 Ba6 24. Be2 Be5 25. Bxa6 Qxa6 26. Qd3 Qb5 27. Nc3 Qxd3 28. cxd3 Nxc3 29. Bxc3 Bxc3 30. bxc3 c5 31. Kg1 d4 32. c4 Re8 33. Rxb8 Rxb8 34. Ra1 Rb2 35. a4 Rd2 36. Kf1 Rxd3 37. Rb1 Rc3 38. Rb5 Rxc4 39. Rxa5 d3 40. Ra8+ Kg7 41. g4 d2 42. Ke2 Rd4 43. Kd1 e2+ 44. Kxe2 d1=Q+ 45. Ke3 Qd2+ 46. Kf3 Rf4+ 47. Kg3 Qf2# 0-1

[Event "Swindon U1600"]
[Site "Swindon"]
[Date "2025.08.23"]
[Round "2.1"]
[White "Vijay, Kayal"]
[Black "Richardson, Alan W"]
[Result "1-0"]
[WhiteElo "1570"]
[BlackElo "1514"]
[PlyCount "67"]
[EventDate "2025.08.22"]
[EventType "swiss"]
[EventRounds "6"]
[EventCountry "ENG"]
[SourceTitle "BritBase"]
[Source "John Saunders"]
[SourceDate "2025.12.11"]
[SourceVersion "1"]
[SourceVersionDate "2025.12.11"]
[SourceQuality "1"]

1. d4 d5 2. Nf3 Nf6 3. e3 e6 4. Bd3 c5 5. b3 Nbd7 6. Nbd2 a6 7. a4 Be7 8. Bb2 O-O 9. O-O Re8 10. Ne5 cxd4 11. exd4 Nxe5 12. dxe5 Nd7 13. Qh5 Nf8 14. f4 Bd7 15. Rf3 f5 16. Rh3 g6 17. Qh6 Bc5+ 18. Kh1 Qe7 19. Rf1 b5 20. Ra1 bxa4 21. bxa4 Reb8 22. Nb3 Bb4 23. Be2 Qe8 24. g4 fxg4 25. Bxg4 Bxa4 26. Bxe6+ Qxe6 27. Rxa4 Qg4 28. Ra1 Qe2 29. e6 Qe4+ 30. Kg1 Nxe6 31. Qxh7+ Kf8 32. Qh8+ Ke7 33. Rh7+ Kd6 34. Rxa6+ 1-0

[Event "Swindon U1600"]
[Site "Swindon"]
[Date "2025.08.23"]
[Round "2.2"]
[White "Lay, Michael"]
[Black "Tang, Carolus"]
[Result "0-1"]
[WhiteElo "1504"]
[BlackElo "1567"]
[PlyCount "94"]
[EventDate "2025.08.22"]
[EventType "swiss"]
[EventRounds "6"]
[EventCountry "ENG"]
[SourceTitle "BritBase"]
[Source "John Saunders"]
[SourceDate "2025.12.11"]
[SourceVersion "1"]
[SourceVersionDate "2025.12.11"]
[SourceQuality "1"]

1. d4 d5 2. Nc3 Nf6 3. Bf4 e6 4. e3 Bd7 5. Bd3 c5 6. dxc5 Bxc5 7. Nf3 a6 8. O-O Nc6 9. a3 Qe7 10. e4 dxe4 11. Nxe4 Nd5 12. Bg3 f5 13. Nxc5 Qxc5 14. Re1 Nde7 15. Ng5 Nd8 16. Qh5+ Kf8 17. Be5 Ng6 18. Nxh7+ Rxh7 19. Qxg6 Kg8 20. Re3 Qf8 21. Bc4 Rh6 22. Qg5 Nf7 23. Qg3 Nxe5 24. Qxe5 Rc8 25. Bb3 Qe7 26. Qxf5 Rc5 27. Qd3 Bb5 28. Qd4 Kh8 29. Bxe6 Qc7 30. Rh3 Rxh3 31. Bxh3 Rc4 32. Qe3 Rxc2 33. b4 Qc4 34. g3 Re2 35. Rc1 Rxe3 36. Rxc4 Re1+ 37. Kg2 Bxc4 38. Bc8 Bd5+ 39. Kh3 Ra1 40. f4 Rxa3 41. Kh4 Rb3 42. g4 Rxb4 43. Kg5 a5 44. Bd7 b5 45. f5 a4 46. Be6 Bxe6 47. fxe6 Re4 0-1

[Event "Swindon U1600"]
[Site "Swindon"]
[Date "2025.08.23"]
[Round "2.4"]
[White "Robinson, Nette"]
[Black "Ghanshala, Aarav"]
[Result "0-1"]
[WhiteElo "1542"]
[BlackElo "1394"]
[PlyCount "76"]
[EventDate "2025.08.22"]
[EventType "swiss"]
[EventRounds "6"]
[EventCountry "ENG"]
[SourceTitle "BritBase"]
[Source "John Saunders"]
[SourceDate "2025.12.11"]
[SourceVersion "1"]
[SourceVersionDate "2025.12.11"]
[SourceQuality "1"]

1. e4 e5 2. Nf3 Nc6 3. Nc3 Nf6 4. Nd5 Bc5 5. Bc4 O-O 6. Nxf6+ Qxf6 7. O-O d6 8. d3 Bg4 9. c3 Bxf3 10. Qxf3 Qxf3 11. gxf3 Na5 12. Bb5 c6 13. Ba4 b5 14. Bc2 Nb7 15. Kh1 Bb6 16. Bg5 f6 17. Bb3+ Kh8 18. Bh4 a5 19. a4 b4 20. Rad1 Nc5 21. Bc4 Nxa4 22. cxb4 axb4 23. Rd2 Bd4 24. Rb1 Nb6 25. Be6 Rfe8 26. Bf5 Ra2 27. Rc2 c5 28. Bg3 b3 29. Rd2 Na4 30. Bd7 Ra8 31. Bxa4 R8xa4 32. f4 Kg8 33. fxe5 fxe5 34. f4 Be3 35. Rg2 exf4 36. Bh4 Ra1 37. Re1 f3 38. Bf2 Bxf2 0-1

[Event "Swindon U1600"]
[Site "Swindon"]
[Date "2025.08.23"]
[Round "3.1"]
[White "Matilal, Tamal"]
[Black "Vijay, Kayal"]
[Result "1/2-1/2"]
[WhiteElo "1541"]
[BlackElo "1570"]
[PlyCount "132"]
[EventDate "2025.08.22"]
[EventType "swiss"]
[EventRounds "6"]
[EventCountry "ENG"]
[SourceTitle "BritBase"]
[Source "John Saunders"]
[SourceDate "2025.12.11"]
[SourceVersion "1"]
[SourceVersionDate "2025.12.11"]
[SourceQuality "1"]

1. Nf3 d5 2. c4 e6 3. g3 Nf6 4. Bg2 Be7 5. cxd5 exd5 6. O-O O-O 7. d4 b6 8. a3 c5 9. e3 Bb7 10. Nc3 Nbd7 11. Re1 Ne4 12. Qc2 Rc8 13. Qb1 cxd4 14. Nxe4 dxe4 15. Nxd4 Nf6 16. f3 exf3 17. Bxf3 Bxf3 18. Nxf3 Qd5 19. Nd4 g6 20. Bd2 Bc5 21. Qd3 Rfd8 22. Bc3 Ne4 23. Red1 Nxc3 24. bxc3 Qd6 25. a4 Bxd4 26. cxd4 a5 27. Rf1 Rc7 28. Rab1 Re7 29. Rf4 f5 30. Qb3+ Qe6 31. Kf2 Rde8 32. Rf3 Qxb3 33. Rxb3 Re6 34. h3 Kf7 35. Rb5 Rc8 36. g4 Rc2+ 37. Kg3 Ra2 38. gxf5 gxf5 39. Rbxf5+ Kg6 40. d5 Rd6 41. h4 Rxa4 42. h5+ Kg7 43. Rf7+ Kh6 44. R3f6+ Rxf6 45. Rxf6+ Kxh5 46. Rxb6 Rg4+ 47. Kf3 Rg5 48. e4 Rg6 49. Rb5 Rf6+ 50. Ke3 Kg4 51. Rxa5 h5 52. Ra8 h4 53. Rg8+ Kh5 54. e5 Ra6 55. Kf4 Ra4+ 56. Kf5 Kh6 57. d6 Kh7 58. Rg4 Ra8 59. Rxh4+ Kg7 60. Rd4 Rf8+ 61. Kg5 Rf1 62. d7 Rg1+ 63. Rg4 Rd1 64. e6 Kf8 65. Rf4+ Ke7 66. Kf5 Rd5+ 1/2-1/2

[Event "Swindon U1600"]
[Site "Swindon"]
[Date "2025.08.23"]
[Round "3.2"]
[White "Tang, Carolus"]
[Black "Tarihalkar, Shrisha"]
[Result "1-0"]
[WhiteElo "1567"]
[BlackElo "1525"]
[PlyCount "91"]
[EventDate "2025.08.22"]
[EventType "swiss"]
[EventRounds "6"]
[EventCountry "ENG"]
[SourceTitle "BritBase"]
[Source "John Saunders"]
[SourceDate "2025.12.11"]
[SourceVersion "1"]
[SourceVersionDate "2025.12.11"]
[SourceQuality "1"]

1. d4 Nf6 2. c4 g6 3. Nc3 Bg7 4. e4 d6 5. Nf3 Bg4 6. Be2 Nbd7 7. Be3 O-O 8. h3 Bxf3 9. Bxf3 Re8 10. O-O e5 11. d5 c6 12. dxc6 bxc6 13. Qxd6 Re6 14. Qd2 Nb6 15. Qe2 Re8 16. Rfd1 Qe7 17. a3 Rad8 18. b4 Qb7 19. a4 Rd7 20. Rxd7 Nfxd7 21. b5 Rc8 22. Bxb6 Nxb6 23. Bg4 Rd8 24. a5 Na8 25. Rb1 a6 26. b6 Bf8 27. Rd1 Rxd1+ 28. Qxd1 Bb4 29. Qd7 Qxd7 30. Bxd7 Nxb6 31. axb6 Bd6 32. Bxc6 Kf8 33. Na4 Ke7 34. c5 Bb8 35. Kf1 Kd8 36. Ke2 a5 37. Kd3 f6 38. Kc4 f5 39. f3 h5 40. h4 f4 41. Kb5 Kc8 42. Ka6 Kd8 43. Kb7 Bd6 44. cxd6 g5 45. Nc5 gxh4 46. Ne6# 1-0

[Event "Swindon U1600"]
[Site "Swindon"]
[Date "2025.08.23"]
[Round "3.4"]
[White "Ghanshala, Aarav"]
[Black "Lay, Michael"]
[Result "1-0"]
[WhiteElo "1394"]
[BlackElo "1504"]
[PlyCount "53"]
[EventDate "2025.08.22"]
[EventType "swiss"]
[EventRounds "6"]
[EventCountry "ENG"]
[SourceTitle "BritBase"]
[Source "John Saunders"]
[SourceDate "2025.12.11"]
[SourceVersion "1"]
[SourceVersionDate "2025.12.11"]
[SourceQuality "1"]

1. e4 c6 2. d4 d5 3. e5 c5 4. c3 Bf5 5. Nf3 Nc6 6. Be2 e6 7. O-O a6 8. Bf4 b5 9. Nbd2 cxd4 10. Nxd4 Nxd4 11. cxd4 Qb6 12. Nf3 Rc8 13. Rc1 Rc7 14. Rxc7 Qxc7 15. a4 Bc2 16. Qc1 Kd7 17. axb5 Ne7 18. b6 Qxb6 19. Qxc2 Nc6 20. Be3 f6 21. Rc1 Bb4 22. Bd2 a5 23. Bxb4 axb4 24. Qa4 Rb8 25. exf6 gxf6 26. Qc2 h6 27. Qh7+ 1-0